MARC

Tag First Indicator Second Indicator Subfields
LEADER 00000cam a2200000 a 4500
001 in00003459921
005 20151206104933.0
008 860311s1985 fr b 00110 fre
010 |a  86129268  
020 |a 2251603158 
039 0 |a 2  |b 3  |c 3  |d 3  |e 3 
040 |d UtOrBLW 
043 |a e-fr--- 
082 0 |a 084/.1 s  |a 320/.01  |2 19 
090 |a DC138  |b .B37 1985 
100 1 |a Barny, Roger. 
245 1 0 |a Prélude idéologique à la Révolution française :  |b le rousseauisme avant 1789 /  |c Roger Barny. 
264 1 |a Paris :  |b Les Belles Lettres,  |c 1985. 
300 |a 192 pages ;  |c 25 cm. 
336 |a text  |b txt  |2 rdacontent 
337 |a unmediated  |b n  |2 rdamedia 
338 |a volume  |b nc  |2 rdacarrier 
490 1 |a Collection du bicentenaire de la Révolution française ;  |v vol. 2 
490 1 |a Annales littéraires de l'Université de Besançon ;  |v 315 
490 1 |a Centre de recherches d'histoire et littéraires aux XVIIIe et XIXe siècles ;  |v vol. 17 
504 |a Bibliography: pages [157]-172. 
500 |a Includes index. 
651 0 |a France  |x History  |y Revolution, 1789-1799  |x Causes. 
600 1 0 |a Rousseau, Jean-Jacques,  |d 1712-1778  |x Political and social views. 
830 0 |a Collection du bicentenaire de la Révolution française ;  |v vol. 2. 
830 0 |a Annales littéraires de l'Université de Besançon ;  |v 315. 
830 0 |a Annales littéraires de l'Université de Besançon.  |p Centre de recherches de littérature française (XIXe et XXe siècles) (Series) ;  |v vol. 17. 
999 |a MARS 
999 f f |s 4de85c89-21ca-3e20-9c4d-90b0a32d731d  |i 6bf6e1b4-9cf1-3ccd-a3f2-9d8f897c2825  |t 0 
952 f f |p ric  |a Texas A&M University  |b Rellis Campus  |c Joint Library Facility  |d Remote Storage  |t 0  |e DC138 .B37 1985  |h Library of Congress classification  |i unmediated -- volume  |m 32060004883290 
998 f f |a DC138 .B37 1985  |t 0  |l Remote Storage